Guía de auto-formación para autores y usuarios de materiales de auto-estudio

Saved in:
Bibliografiske detaljer
Institution som forfatter: UNESCO (Author)
Format: Bog
Sprog:spansk
Udgivet: París UNESCO 1983
Fag:
Tags: Tilføj Tag
Ingen Tags, Vær først til at tagge denne postø!

MARC

LEADER 00000nam a2200000 a 4500
001 UCO7028
003 CL-VaPUC
008 001103e19830000FR |||||||||||||||||spa|d
082 0 4 |a 371.3944  |b UNE  |2 21 
110 2 |a UNESCO  |e author  |9 451664 
245 1 0 |a Guía de auto-formación para autores y usuarios de materiales de auto-estudio 
300 |a pág. irreg 
942 |c BK 
945 |d 20001103 00:00:00  |a rbrito 
260 |a París  |b UNESCO  |c 1983 
650 7 |a ENSEÑANZA INDIVIDUALIZADA  |2 CL-VaPUC  |9 307241 
650 0 |a Planificación de la educación   |9 307333 
583 |a last modification  |c 20001103 00:00:00  |k Rodrigo Vera 
999 |c 292251  |d 292249 
952 |0 0  |1 0  |4 0  |6 371_394400000000000_UNE_1983  |7 0  |8 P  |9 342982  |a BIBEDU  |b BIBEDU  |c BIBEDU_PB  |d 2019-11-20  |i 3657175  |o 371.3944 UNE 1983  |p 3657175  |r 2024-01-25  |w 2019-11-20  |y BK  |k BME